Prontuario di Posologia (Registro nro. 45998)

Detalles MARC
000 -LEADER
campo de control de longitud fija 00564nam a2200193 i 4500
001 - NÚMERO DE CONTROL
campo de control 45998
003 - IDENTIFICADOR DE NÚMERO DE CONTROL
campo de control ES-MaACL
005 - FECHA Y HORA DE LA ÚLTIMA TRANSACCIÓN
campo de control 20230906161319.0
007 - CAMPO FIJO DE DESCRIPCIÓN FÍSICA--INFORMACIÓN GENERAL
campo de control de longitud fija t|
008 - DATOS DE LONGITUD FIJA--INFORMACIÓN GENERAL
campo de control de longitud fija 030327s1906 it ||||1| ita d
100 1# - ENTRADA PRINCIPAL--NOMBRE DE PERSONA
Nombre de persona Conelli, Antenore.
9 (RLIN) 40164
245 10 - MENCIÓN DEL TÍTULO
Título Prontuario di Posologia
Resto del título : dei rimedi piu usati nella terapia infantile /
Mención de responsabilidad, etc. Antenore Conelli.
260 ## - PUBLICACIÓN, DISTRIBUCIÓN, ETC.
Lugar de publicación, distribución, etc. Milano :
Nombre del editor, distribuidor, etc. U. Allegretti,
Fecha de publicación, distribución, etc. 1906.
300 ## - DESCRIPCIÓN FÍSICA
Extensión VIII, 186 p. ;
Dimensiones 16 cm.
490 1# - MENCIÓN DE SERIE
Mención de serie Manuale Hocph
830 0# - PUNTO DE ACCESO ADICIONAL DE SERIE-TÍTULO UNIFORME
Título uniforme Manuale Hocph
9 (RLIN) 182814
852 ## - LOCALIZACIÓN
Ubicación ES-MaACL
Número de control de estantería F-4356
Existencias
Estatus retirado Estado de pérdida Estado de daño No para préstamo Biblioteca de origen Biblioteca actual Ubicación en estantería Fecha de adquisición Fuente de adquisición Total de préstamos Signatura topográfica completa Código de barras Visto por última vez Precio de reemplazo Tipo de ítem Koha
        Biblioteca del Ateneo de Madrid Biblioteca del Ateneo de Madrid Depósito 2 17/01/2008     F-4356 1048393 23/02/2023 23/02/2023 Libro impreso